[Event "CZE-chT2D 2223"]
[Site "Czech Republic"]
[Date "2023.01.08"]
[Round "6.1"]
[White "Vesely, Vitek"]
[Black "Smajzr, Martin"]
[Result "1-0"]
[WhiteElo "2118"]
[BlackElo "2143"]
[PlyCount "81"]
[EventDate "2022.10.16"]
[EventType "team-tourn"]
[EventRounds "11"]
[EventCountry "CZE"]
[SourceTitle "EXT 2024"]
[Source "ChessBase"]
[SourceDate "2023.10.10"]
[SourceVersion "1"]
[SourceVersionDate "2023.10.10"]
[SourceQuality "1"]
[WhiteTeam "Chotebor"]
[BlackTeam "Usti nad Orlici"]
[WhiteTeamCountry "CZE"]
[BlackTeamCountry "CZE"]

1. d4 Nf6 2. c4 c5 3. d5 e6 4. Nc3 exd5 5. cxd5 d6 6. g3 g6 7. Bg2 Bg7 8. Nf3 0-0 9. 0-0 Bg4 10. Nd2 a6 11. a4 Qc7 12. Nc4 b6 13. Qb3 Ra7 14. h3 Bc8 15. Nxd6 Qxd6 16. Bf4 Qd8 17. Bxb8 Rb7 18. Bf4 Nh5 19. Bd2 Re8 20. e4 f5 21. exf5 gxf5 22. Bf3 Nf6 23. Rfe1 Kf8 24. Bg5 Rxe1+ 25. Rxe1 Re7 26. Rxe7 Kxe7 27. d6+ Kxd6 28. Qd1+ Ke7 29. Qxd8+ Kxd8 30. Nd5 Bb7 31. Nxf6 Bxf3 32. Nh5+ Kd7 33. Nxg7 Bd1 34. a5 b5 35. Nxf5 b4 36. Ne3 Bb3 37. Kf1 c4 38. Ke2 Kc6 39. Kd2 Kb5 40. Bd8 Kc5 41. Bb6+ 1-0

[Event "CZE-chT2D 1819"]
[Site "Czech Republic"]
[Date "2018.12.16"]
[Round "5.3"]
[White "Vesely, Vitek"]
[Black "Novy, Martin"]
[Result "1/2-1/2"]
[WhiteElo "2055"]
[BlackElo "2182"]
[PlyCount "66"]
[EventDate "2018.10.14"]
[EventType "team-tourn"]
[EventRounds "11"]
[EventCountry "CZE"]
[SourceTitle "EXT 2022"]
[Source "ChessBase"]
[SourceDate "2021.10.06"]
[SourceVersion "1"]
[SourceVersionDate "2021.10.06"]
[SourceQuality "1"]
[WhiteTeam "Chotebor"]
[BlackTeam "Orechov"]
[WhiteTeamCountry "CZE"]
[BlackTeamCountry "CZE"]

1. d4 d6 2. c4 e5 3. Nf3 e4 4. Ng5 f5 5. g3 Be7 6. h4 Nf6 7. Nc3 Na6 8. Bg2 0-0 9. 0-0 c6 10. Nh3 Nc7 11. Bg5 Be6 12. b3 h6 13. Bxf6 Bxf6 14. Rc1 g5 15. hxg5 hxg5 16. f4 g4 17. Nf2 Qe7 18. Qd2 c5 19. dxc5 dxc5 20. e3 Rfd8 21. Qc2 a6 22. Rfd1 b5 23. Bf1 Rab8 24. Rxd8+ Qxd8 25. Rd1 Qe7 26. Be2 Qf7 27. Nd5 Bxd5 28. cxd5 Nxd5 29. Qxc5 Nc3 30. Rd2 Nxe2+ 31. Rxe2 Qd7 32. Rc2 Kf7 33. Kg2 Rd8 1/2-1/2

[Event "CZE-chT2D 1617"]
[Site "Czech Republic"]
[Date "2016.10.09"]
[Round "1.6"]
[White "Vesely, Vitek"]
[Black "Svanda, Ondrej"]
[Result "1-0"]
[WhiteElo "2032"]
[BlackElo "2007"]
[PlyCount "65"]
[EventDate "2016.10.09"]
[EventType "team-tourn"]
[EventRounds "11"]
[EventCountry "CZE"]
[SourceTitle "EXT 2022"]
[Source "ChessBase"]
[SourceDate "2021.10.06"]
[SourceVersion "1"]
[SourceVersionDate "2021.10.06"]
[SourceQuality "1"]
[WhiteTeam "Dalesice Pivovar"]
[BlackTeam "Policka Stefanydes"]
[WhiteTeamCountry "CZE"]
[BlackTeamCountry "CZE"]

1. d4 Nf6 2. Nf3 e6 3. e3 b6 4. Bd3 Bb7 5. 0-0 c5 6. c4 Be7 7. Nc3 0-0 8. d5 exd5 9. cxd5 d6 10. e4 Nbd7 11. Nd2 Ne5 12. Be2 a6 13. a4 Nfd7 14. f4 Ng6 15. Nc4 Qc7 16. e5 Rfd8 17. Ne4 Bf8 18. Nexd6 Bxd6 19. Nxd6 Ndxe5 20. fxe5 Nxe5 21. Nxb7 Qxb7 22. d6 Qc6 23. Bf4 Rxd6 24. Qb3 Rg6 25. g3 c4 26. Qc3 Qc5+ 27. Be3 Qe7 28. Bd4 Re6 29. Bxe5 Rxe5 30. Bxc4 Qc5+ 31. Rf2 Ra7 32. Rc1 Rae7 33. Bxa6 1-0

[Event "Tabor op"]
[Site "Tabor"]
[Date "2013.08.01"]
[Round "6"]
[White "Vesely, Vitek"]
[Black "Pavlicek, Petr"]
[Result "1/2-1/2"]
[WhiteElo "1824"]
[BlackElo "1976"]
[PlyCount "27"]
[EventDate "2013.07.28"]
[EventType "swiss"]
[EventRounds "9"]
[EventCountry "CZE"]
[SourceTitle "CBM 155 Extra"]
[Source "ChessBase"]
[SourceDate "2013.08.26"]
[SourceVersion "1"]
[SourceVersionDate "2013.08.26"]
[SourceQuality "1"]

1. e4 e5 2. Nf3 Nc6 3. Bb5 Nge7 4. c3 g6 5. d4 exd4 6. cxd4 a6 7. Ba4 Bg7 8. Nc3 b5 9. Bc2 0-0 10. 0-0 d6 11. h3 Na5 12. d5 Nc4 13. Nd4 Bd7 14. Re1 1/2-1/2

[Event "Tabor op"]
[Site "Tabor"]
[Date "2013.07.31"]
[Round "5"]
[White "Rous, Daniel"]
[Black "Vesely, Vitek"]
[Result "1/2-1/2"]
[WhiteElo "2041"]
[BlackElo "1824"]
[PlyCount "97"]
[EventDate "2013.07.28"]
[EventType "swiss"]
[EventRounds "9"]
[EventCountry "CZE"]
[SourceTitle "CBM 155 Extra"]
[Source "ChessBase"]
[SourceDate "2013.08.26"]
[SourceVersion "1"]
[SourceVersionDate "2013.08.26"]
[SourceQuality "1"]

1. Nf3 Nf6 2. c4 e6 3. Nc3 c5 4. g3 b6 5. Bg2 Bb7 6. 0-0 Be7 7. d4 cxd4 8. Qxd4 d6 9. Rd1 a6 10. b3 Nbd7 11. Bb2 0-0 12. Rac1 Qb8 13. Qf4 Nh5 14. Qe3 Nhf6 15. Nd4 Bxg2 16. Kxg2 Qb7+ 17. Kg1 Ne5 18. h3 Rfc8 19. a4 Nc6 20. g4 Na5 21. g5 Ne8 22. Ne4 Rd8 23. b4 Nxc4 24. Rxc4 d5 25. Nc6 dxc4 26. Nxd8 Rxd8 27. Rxd8 Bxd8 28. Nd6 Qe7 29. Nxe8 Qxe8 30. Qd4 e5 31. Qd5 Bxg5 32. b5 axb5 33. axb5 h6 34. Qxc4 Qd7 35. Kg2 Qf5 36. e4 Qg6 37. Qc8+ Kh7 38. Qf5 Qxf5 39. exf5 f6 40. Kf3 Bd2 41. Ke4 g6 42. f3 Bb4 43. Bc1 Bc5 44. Bd2 h5 45. Bc1 Kg7 46. Bd2 Kf7 47. Bc1 Kg7 48. Bd2 Kf7 49. Bc1 1/2-1/2

[Event "Tabor op"]
[Site "Tabor"]
[Date "2013.07.28"]
[Round "1"]
[White "Westerinen, Heikki MJ"]
[Black "Vesely, Vitek"]
[Result "1-0"]
[WhiteElo "2286"]
[BlackElo "1824"]
[PlyCount "73"]
[EventDate "2013.07.28"]
[EventType "swiss"]
[EventRounds "9"]
[EventCountry "CZE"]
[SourceTitle "CBM 155 Extra"]
[Source "ChessBase"]
[SourceDate "2013.08.26"]
[SourceVersion "1"]
[SourceVersionDate "2013.08.26"]
[SourceQuality "1"]

1. e4 c5 2. Nf3 e6 3. c3 d5 4. exd5 Qxd5 5. d4 Nf6 6. Na3 cxd4 7. Nb5 Qd8 8. Qxd4 a6 9. Qxd8+ Kxd8 10. Nbd4 Bd6 11. g3 b5 12. Bg2 Bb7 13. 0-0 Kc7 14. a4 bxa4 15. Rxa4 Nbd7 16. Rc4+ Kb6 17. Rd1 Bd5 18. Ra4 Bc5 19. c4 Be4 20. b4 Bxd4 21. Rxd4 Rac8 22. Be3 Kb7 23. Rxe4 Nxe4 24. Nd2 f5 25. Nxe4 fxe4 26. Bxe4+ Kc7 27. Rxa6 Rb8 28. b5 e5 29. Rc6+ Kd8 30. Bg5+ Ke8 31. c5 Nf6 32. Bf5 h6 33. Bxf6 gxf6 34. b6 Ke7 35. Rc7+ Kd8 36. Rd7+ Ke8 37. b7 1-0

[Event "Tabor op"]
[Site "Tabor"]
[Date "2012.08.04"]
[Round "8"]
[White "Vesely, Vitek"]
[Black "Gruber, Milos"]
[Result "0-1"]
[WhiteElo "1764"]
[BlackElo "1983"]
[PlyCount "130"]
[EventDate "2012.07.29"]
[EventType "swiss"]
[EventRounds "9"]
[EventCountry "CZE"]
[SourceTitle "EXT 2013"]
[Source "ChessBase"]
[SourceDate "2012.11.22"]
[SourceVersion "1"]
[SourceVersionDate "2012.11.22"]
[SourceQuality "1"]

1. e4 d5 2. exd5 Qxd5 3. Nc3 Qa5 4. d4 c6 5. Bc4 Nf6 6. Nf3 Bg4 7. Bd2 Qc7 8. Qe2 e6 9. 0-0-0 Be7 10. h3 Bh5 11. g4 Bg6 12. Ne5 Nfd7 13. Rhe1 Nxe5 14. dxe5 Nd7 15. Bf4 a5 16. Kb1 Rb8 17. Rd2 Bb4 18. Red1 Nc5 19. Qe3 b5 20. Bd3 Bxd3 21. cxd3 Na4 22. d4 0-0 23. Rc2 Nxc3+ 24. bxc3 Be7 25. Bg5 Ba3 26. Qf3 Rfc8 27. Bc1 Bf8 28. Ka1 c5 29. Be3 cxd4 30. Bxd4 Rd8 31. Qe4 Qc4 32. Qe2 Rbc8 33. Qxc4 Rxc4 34. Rcd2 Rdc8 35. Kb2 h6 36. Rd3 Kh7 37. R1d2 b4 38. Kb3 a4+ 39. Kb2 bxc3+ 40. Rxc3 Rb8+ 41. Kc2 Rcb4 42. Rc7 Kg6 43. Rd3 R4b7 44. Rxb7 Rxb7 45. Bc3 Bb4 46. Rd4 Bc5 47. Rxa4 Bxf2 48. Rf4 Bh4 49. a4 Bg5 50. Rc4 Bd8 51. Rc8 Bc7 52. Ra8 Kg5 53. Rg8 g6 54. Rh8 Kf4 55. Bd2+ Ke4 56. Bxh6 Bxe5 57. Rc8 Rb2+ 58. Kc1 Rh2 59. Rc4+ Kd5 60. Rb4 Rxh3 61. Bd2 Bc3 62. Rb5+ Kc4 63. Bg5 Rh1+ 64. Kc2 Ra1 65. Rb8 Ra2+ 0-1

[Event "Tabor op"]
[Site "Tabor"]
[Date "2012.08.03"]
[Round "7"]
[White "Krbusik, Marian"]
[Black "Vesely, Vitek"]
[Result "1/2-1/2"]
[WhiteElo "1969"]
[BlackElo "1764"]
[PlyCount "102"]
[EventDate "2012.07.29"]
[EventType "swiss"]
[EventRounds "9"]
[EventCountry "CZE"]
[SourceTitle "EXT 2013"]
[Source "ChessBase"]
[SourceDate "2012.11.22"]
[SourceVersion "1"]
[SourceVersionDate "2012.11.22"]
[SourceQuality "1"]

1. d4 d5 2. e3 Nf6 3. c4 c6 4. Nc3 e6 5. Nf3 Nbd7 6. Bd3 dxc4 7. Bxc4 b5 8. Bd3 a6 9. 0-0 Bb7 10. a3 c5 11. b3 Bd6 12. Bb2 0-0 13. Qe2 cxd4 14. Nxd4 Nc5 15. Bc2 Nce4 16. Nxe4 Bxe4 17. Bxe4 Nxe4 18. Qg4 Nf6 19. Qg5 h6 20. Qh4 Nd5 21. Qh3 Qe7 22. Rfd1 Nb6 23. Nc6 Qd7 24. Qg4 f6 25. Qe4 Rfe8 26. Nb4 Qe7 27. Nc6 Qd7 28. Na5 Nd5 29. b4 Rac8 30. Qd3 Red8 31. Qb3 Nb6 32. Rd4 Na4 33. f4 Nxb2 34. Qxb2 e5 35. Qb3+ Qf7 36. Rd5 exf4 37. Rad1 fxe3 38. Kf1 Be7 39. Nc6 Rxd5 40. Qxd5 Re8 41. Ke2 Kf8 42. Qxf7+ Kxf7 43. Rd7 Ke6 44. Ra7 Bd6 45. Rxa6 Kd5 46. g3 Rc8 47. Nd4 Kxd4 48. Rxd6+ Ke4 49. Re6+ Kd4 50. Rd6+ Ke4 51. Re6+ Kd4 1/2-1/2

[Event "Tabor op"]
[Site "Tabor"]
[Date "2012.08.01"]
[Round "5"]
[White "Chalupecky, Vladimir"]
[Black "Vesely, Vitek"]
[Result "1-0"]
[WhiteElo "1964"]
[BlackElo "1764"]
[PlyCount "98"]
[EventDate "2012.07.29"]
[EventType "swiss"]
[EventRounds "9"]
[EventCountry "CZE"]
[SourceTitle "EXT 2013"]
[Source "ChessBase"]
[SourceDate "2012.11.22"]
[SourceVersion "1"]
[SourceVersionDate "2012.11.22"]
[SourceQuality "1"]

1. e4 c5 2. Nf3 Nc6 3. d4 cxd4 4. Nxd4 e5 5. Nb3 Nf6 6. Bg5 h6 7. Bxf6 Qxf6 8. a3 d6 9. c4 Be6 10. Nc3 Qd8 11. Nd5 Bxd5 12. cxd5 Nb8 13. Bb5+ Nd7 14. 0-0 Be7 15. Qg4 g6 16. Na5 Rb8 17. Rac1 Rg8 18. Qh3 Bg5 19. Rc2 Ke7 20. b4 Nf6 21. Qd3 Qb6 22. g3 h5 23. Kg2 Ng4 24. h3 Nh6 25. f4 Bf6 26. Rfc1 h4 27. fxe5 Bxe5 28. Rc7+ Kf6 29. g4 Bf4 30. R1c2 Kg7 31. Bd7 Rgf8 32. Bc8 Re8 33. Bxb7 Ng8 34. R2c6 Qe3 35. Qxe3 Bxe3 36. Nc4 Bf4 37. Nxd6 Bxd6 38. Rxd6 Rxe4 39. Rdd7 Re2+ 40. Kf1 Rbe8 41. Rxf7+ Kh6 42. d6 Rd2 43. Rh7+ Kg5 44. Rc5+ Kf6 45. Rd5 Ra2 46. g5+ Ke6 47. Rd3 Rf8+ 48. Bf3 Rd8 49. Bd5+ Ke5 1-0

[Event "Tabor op"]
[Site "Tabor"]
[Date "2012.07.29"]
[Round "1"]
[White "Zapletal, Jindrich"]
[Black "Vesely, Vitek"]
[Result "1-0"]
[WhiteElo "2168"]
[BlackElo "1764"]
[PlyCount "87"]
[EventDate "2012.07.29"]
[EventType "swiss"]
[EventRounds "9"]
[EventCountry "CZE"]
[SourceTitle "EXT 2013"]
[Source "ChessBase"]
[SourceDate "2012.11.22"]
[SourceVersion "1"]
[SourceVersionDate "2012.11.22"]
[SourceQuality "1"]

1. d4 d5 2. c4 c6 3. Nf3 Nf6 4. Nc3 e6 5. Bg5 Be7 6. cxd5 exd5 7. Qc2 0-0 8. e3 Re8 9. Bd3 h6 10. Bf4 Be6 11. h3 Nbd7 12. g4 Nf8 13. Rg1 N6h7 14. 0-0-0 Ng5 15. Bxg5 hxg5 16. Ne5 Qc7 17. h4 c5 18. hxg5 cxd4 19. exd4 Bxg5+ 20. Kb1 Bf4 21. Rh1 Bxe5 22. dxe5 Qxe5 23. Bh7+ Nxh7 24. Qxh7+ Kf8 25. Rhe1 Qg5 26. Qh8+ Ke7 27. Nxd5+ Qxd5 28. Qxe8+ Rxe8 29. Rxd5 Kf8 30. Rde5 Rd8 31. f3 g6 32. R1e3 Kg7 33. Rc5 Rd7 34. Rcc3 Kf6 35. a4 Ke7 36. b4 a6 37. Kc2 Kd6 38. Rcd3+ Ke7 39. b5 axb5 40. axb5 f5 41. g5 Rxd3 42. Kxd3 Kd6 43. Kd4 Bd7 44. Re5 1-0